|
|
|
|
| LEADER |
01901nam a2200445 i 4500 |
| 001 |
EBC1593396 |
| 003 |
MiAaPQ |
| 005 |
20200520144314.0 |
| 006 |
m o d | |
| 007 |
cr cnu|||||||| |
| 008 |
140115s2013 enkd ob 000 0 eng|d |
| 020 |
|
|
|z 9781783501403
|
| 020 |
|
|
|a 9781783501410
|q (electronic bk.)
|
| 035 |
|
|
|a (MiAaPQ)EBC1593396
|
| 035 |
|
|
|a (Au-PeEL)EBL1593396
|
| 035 |
|
|
|a (CaPaEBR)ebr10825585
|
| 035 |
|
|
|a (CaONFJC)MIL560368
|
| 035 |
|
|
|a (OCoLC)868234459
|
| 040 |
|
|
|a MiAaPQ
|b eng
|e rda
|e pn
|c MiAaPQ
|d MiAaPQ
|
| 050 |
|
4 |
|a HB131
|b .E97 2013
|
| 245 |
0 |
0 |
|a Experiments in financial economics /
|c edited by Sean M. Collins, Fordham University, New York, NY, USA, R. Mark Isaac, Florida State University, Tallahassee, FL, USA, Douglas A. Norton, Florida State University, Tallahassee, FL, USA.
|
| 250 |
|
|
|a First edition.
|
| 264 |
|
1 |
|a Bingley, United Kingdom :
|b Emerald,
|c 2013.
|
| 300 |
|
|
|a 1 online resource (179 pages) :
|b illustrations (some color).
|
| 336 |
|
|
|a text
|2 rdacontent
|
| 337 |
|
|
|a computer
|2 rdamedia
|
| 338 |
|
|
|a online resource
|2 rdacarrier
|
| 490 |
1 |
|
|a Research in experimental economics,
|x 0193-2306 ;
|v volume 16
|
| 504 |
|
|
|a Includes bibliographical references.
|
| 588 |
|
|
|a Description based on online resource; title from PDF title page (ebrary, viewed January 15, 2014).
|
| 590 |
|
|
|a Electronic reproduction. Ann Arbor, MI : ProQuest, 2015. Available via World Wide Web. Access may be limited to ProQuest affiliated libraries.
|
| 650 |
|
0 |
|a Experimental economics.
|
| 650 |
|
0 |
|a Finance.
|
| 655 |
|
4 |
|a Electronic books.
|
| 700 |
1 |
|
|a Collins, Sean M.
|
| 700 |
1 |
|
|a Isaac, R. Mark
|q (Robert Mark),
|d 1954-
|
| 700 |
1 |
|
|a Norton, Douglas A.
|
| 797 |
2 |
|
|a ProQuest (Firm)
|
| 830 |
|
0 |
|a Research in experimental economics ;
|v v. 16.
|
| 856 |
4 |
0 |
|u https://ebookcentral.proquest.com/lib/matrademy/detail.action?docID=1593396
|z Click to View
|